| 000 | 00621nam a2200205 a 4500 | ||
|---|---|---|---|
| 005 | 20220804082316.0 | ||
| 008 | 021206s2001 ag r 000 0 spa d | ||
| 020 | _a9879851692 | ||
| 035 | _aUPN01000121224 | ||
| 049 | _aCG | ||
| 050 | 4 |
_aPR1870 _bCH3.28a |
|
| 100 | 1 |
_aChaucer, Geoffrey, _dca. 1340-1400 _931045 |
|
| 245 | 1 | 0 |
_aCuentos de Canterbury / _cGeoffrey Chaucer ; tr., comp. y pról. Antonio Tulián. |
| 260 |
_aBuenos Aires : _bLongseller, _c2001. |
||
| 300 | _a192 p. | ||
| 440 | 0 |
_aClásicos de bolsillo ; _v70 |
|
| 650 | 0 |
_aCuentos ingleses _913122 |
|
| 700 | 1 |
_aTulián, Antonio, _ecomp. |
|
| 905 | _aLibro | ||
| 999 |
_c93483 _d93483 |
||